Liste des communes du Rhône - Statistiques

Statistiques générales
  • Ce quiz a été pris 291 fois
    269 depuis la dernière actualisation
  • Le résultat moyen est 57 sur 289
Réponses sur la Carte
Les réponses sont colorées sur une échelle allant du rouge au vert en fonction du pourcentage des utilisateurs qui les ont devinées à leur premier essai. Vous pouvez retrouver ces pourcentages ci-dessous.
 
Statistiques - réponses
Commune % Correct
Lyon
98%
Villeurbanne
90%
Vénissieux
83%
Bron
75%
Villefranche-sur-Saône
71%
Saint-Priest
70%
Vaulx-en-Velin
67%
Caluire-et-Cuire
62%
Décines-Charpieu
60%
Oullins
59%
Tassin-la-Demi-Lune
59%
Givors
58%
Écully
56%
Tarare
56%
Saint-Genis-Laval
55%
Sainte-Foy-lès-Lyon
52%
Belleville-sur-Saône
51%
Rillieux-la-Pape
50%
Limonest
48%
Saint-Germain
48%
Craponne
47%
Saint-Fons
47%
Francheville
46%
Pierre-Bénite
45%
Anse
43%
Dardilly
43%
Feyzin
43%
L'Arbresle
43%
La Mulatière
41%
Neuville-sur-Saône
41%
Saint-Cyr-au-Mont-d'Or
41%
Brignais
40%
Chaponost
40%
Collonges-au-Mont-d'Or
39%
Jonage
39%
Marcy
39%
Saint-Didier-au-Mont-d'Or
39%
Champagne-au-Mont-d'Or
38%
Charbonnières-les-Bains
38%
Genas
38%
Grigny
38%
Chassieu
36%
Lentilly
35%
Vaugneray
34%
Lozanne
33%
Quincié-en-Beaujolais
33%
Brindas
32%
Fleurie
32%
Meyzieux
32%
Mions
32%
Irigny
31%
Amplepuis
30%
Corbas
30%
La Tour-de-Salvagny
30%
Fontaines-sur-Saône
29%
Marcy-l'Étoile
29%
Saint-Martin-en-Haut
29%
Arnas
28%
Beaujeu
28%
Oingt
28%
Saint-Symphorien-d'Ozon
28%
Mornant
27%
Saint-Bonnet-de-Mure
27%
Vernaison
27%
Albigny-sur-Saône
26%
Cailloux-sur-Fontaines
26%
Châtillon-d'Azergues
26%
Condrieu
26%
Solaize
26%
Chasselay
25%
Chazay-d'Azergues
25%
Genay
25%
Sain-Bel
25%
Sathonay-Camp
25%
Ampuis
24%
Limas
24%
Lissieu
24%
Loire-sur-Rhône
24%
Sainte-Foy-l'Argentière
24%
Sathonay-Village
24%
Charly
23%
Chessy-les-Mines
23%
Couzon-au-Mont-d'Or
23%
Jons
23%
Quincieux
23%
Saint-Laurent-de-Mure
23%
Saint-Symphorien-sur-Coise
23%
Thizy-les-Bourgs
23%
Yzeron
23%
Gleizé
22%
Le Bois-d'Oingt
22%
Chaponnay
21%
Lamure-sur-Azergues
21%
Pusignan
21%
Saint-Genis-les-Ollières
21%
Vourles
21%
Pommiers
20%
Saint-Romain-en-Gal
20%
Colombier-Saugnieu
19%
Courzieu
19%
Dommartin
19%
Grézieu-la-Varenne
19%
Poule-les-Écharmeaux
19%
Saint-Romain-au-Mont-d'Or
19%
Civrieux-d'Azergues
18%
Curis-au-Mont-d'Or
18%
Jullié
18%
Montagny
18%
Montanay
18%
Pontcharra-sur-Turdine
18%
Saint-Germain-au-Mont-d'Or
18%
Saint-Laurent-de-Chamousset
18%
Sérézin-du-Rhône
18%
Ternay
18%
Thurins
18%
Juliénas
17%
Le Breuil
17%
Les Chères
17%
Saint-Pierre-de-Chandieu
17%
Saint-Pierre-la-Palud
17%
Sourcieux-les-Mines
17%
Vaux-en-Beaujolais
17%
Bibost
16%
Communay
16%
Échalas
16%
Poleymieux-au-Mont-d'Or
16%
Rochetaillée-sur-Saône
16%
Rontalon
16%
Soucieu-en-Jarrest
16%
Ternand
16%
Valsonne
16%
Ambérieux
15%
Ancy
15%
Bessenay
15%
Brussieu
15%
Chevinay
15%
Coise
15%
Éveux
15%
Fleurieux-sur-l'Arbresle
15%
Pollionnay
15%
Ronno
15%
Sainte-Consorce
15%
Saint-Julien
15%
Savigny
15%
Toussieu
15%
Bully
14%
Cours-la-Ville
14%
Duerne
14%
Lachassagne
14%
Les Haies
14%
Orliénas
14%
Riverie
14%
Sainte-Catherine
14%
Saint-Romain-de-Popey
14%
Taluyers
14%
Affoux
13%
Belmont-d'Azergues
13%
Cenves
13%
Fontaines-Saint-Martin
13%
Grandris
13%
Joux
13%
Légny
13%
Létra
13%
Longes
13%
Messimy
13%
Montrottier
13%
Nuelles
13%
Sainte-Colombe
13%
Saint-Georges-de-Reneins
13%
Theizé
13%
Trèves
13%
Chénelette
12%
Dième
12%
Grézieu-le-Marché
12%
Les Olmes
12%
Les Sauvages
12%
Lucenay
12%
Marcilly-d'Azergues
12%
Marennes
12%
Morancé
12%
Alix
11%
Charnay
11%
Chiroubles
11%
Millery
11%
Ranchal
11%
Saint-Clément-sur-Valsonne
11%
Saint-Loup
11%
Saint-Marcel-l'Éclaire
11%
Blacé
10%
Brullioles
10%
Cercié
10%
Chambost-Longessaigne
10%
Chaussan
10%
Chenas
10%
Cublize
10%
Denicé
10%
Haute-Rivoire
10%
Les Halles
10%
Marchampt
10%
Monsols
10%
Régnié-Durette
10%
Saint-André-la-Côte
10%
Saint-Forgeux
10%
Saint-Jean-des-Vignes
10%
Tupin-et-Semons
10%
Aveize
9%
Chambost-Allières
9%
Dareizé
9%
Larajasse
9%
Meaux-la-Montagne
9%
Meys
9%
Montromant
9%
Sarcey
9%
Taponas
9%
Villié-Morgon
9%
Avenas
8%
Bagnols
8%
Chamelet
8%
Charentay
8%
Claveisolles
8%
Fleurieu-sur-Saône
8%
Jarnioux
8%
Liergues
8%
Longessaigne
8%
Montmelas-Saint-Sorlin
8%
Odenas
8%
Pouilly-le-Monial
8%
Saint-Clément-les-Places
8%
Saint-Cyr-le-Châtoux
8%
Saint-didier-sur-Beaujeu
8%
Sainte-Paule
8%
Saint-Genis-l'Argentière
8%
Saint-Jean-d'Ardières
8%
Saint-Just-d'Avray
8%
Saint-Lager
8%
Saint-Laurent-d'Agny
8%
Saint-Laurent-d'Oingt
8%
Saint-Romain-en-Gier
8%
Saint-Vérand
8%
Simandres
8%
Cogny
7%
Dracé
7%
Saint-Didier-sous-Riverie
7%
Frontenas
7%
La Chapelle-sur-Coise
7%
Les Ardillats
7%
Ouroux
7%
Saint-Bonnet-le-Troncy
7%
Saint-Cyr-sur-le-Rhône
7%
Saint-Julien-sur-Bibost
7%
Saint-Laurent-de-Vaux
7%
Salles-Arbuissonnas-en-Beaujolais
7%
Villechenève
7%
Saint-Jacques-des-Arrêts
6%
Lacenas
6%
Lantignié
6%
Pomeys
6%
Proprières
6%
Rivolet
6%
Souzy
6%
Aigueperse
5%
Chassagny
5%
Corcelles-en-Beaujolais
5%
Le Pérréon
5%
Moiré
5%
Saint-Appolinaire
5%
Saint-Étienne-des-Oullières
5%
Saint-Étienne-la-Varenne
5%
Saint-Sorlin
5%
Vauxrenard
5%
Vernay
5%
Azolette
4%
Émeringes
4%
Lancié
4%
Saint-Andéol-le-Château
4%
Saint-Igny-de-Vers
4%
Saint-Jean-la-Bussière
4%
Saint-Mamert
4%
Saint-Maurice-sur-Dargoire
4%
Saint-Nizier-d'Azergues
4%
Saint-Vincent-de-Reins
4%
Trades
4%
Ville-sur-Jarnioux
4%
Pont-Trambouze
3%
Saint-Bonnet-des-Bruyères
3%
Saint-Clément-de-Vers
3%
Saint-Jean-de-Touslas
3%
Thel
3%
Saint-Christophe-en-Montagne
1%
Aucun quiz correspondant
Distribution des résultats
% des personnes avec chaque résultat
Percentile par nombre de réponses
Votre historique - résultats
Vous n’avez pas pris ce quiz depuis la dernière actualisation